000
00279nmm a2200085Ia 4500
008
220120s9999||||xx |||||||||||||||||und||
100
_a
Prakash, Shesha M.N and Mogaveer, Ganesh B
245
0
_a
Elements of civil engineering and engineering mechanics
260
_a
New aga international
999
_c
139599
_d
139599